A pattern language : (Record no. 352727)

000 -LEADER
fixed length control field 01157 a2200289 4500
003 - CONTROL NUMBER IDENTIFIER
control field OSt
005 - DATE AND TIME OF LATEST TRANSACTION
control field 20180116192343.0
008 - FIXED-LENGTH DATA ELEMENTS--GENERAL INFORMATION
fixed length control field 120530t xxu||||| |||| 00| 0 eng d
010 ## - LIBRARY OF CONGRESS CONTROL NUMBER
LC control number 74022874
020 ## - INTERNATIONAL STANDARD BOOK NUMBER
International Standard Book Number 0195019199 :
022 ## - INTERNATIONAL STANDARD SERIAL NUMBER
International Standard Serial Number 9780195019193
040 ## - CATALOGING SOURCE
Transcribing agency 0
082 00 - DEWEY DECIMAL CLASSIFICATION NUMBER
Classification number 720.1
100 1# - MAIN ENTRY--PERSONAL NAME
Personal name Alexander, Christopher.
9 (RLIN) 2739
245 12 - TITLE STATEMENT
Title A pattern language :
Remainder of title town,buildings, construction s, /
Statement of responsibility, etc. Christopher Alexander, Sara Ishikawa, Murray Silverstein, with Max Jacobson, Ingrid Fiksdahl-King, Shlomo Angel.
260 ## - PUBLICATION, DISTRIBUTION, ETC.
Place of publication, distribution, etc. New York :
Name of publisher, distributor, etc. Oxford University Press,
Date of publication, distribution, etc. 1977.
300 ## - PHYSICAL DESCRIPTION
Extent xliv, 1171 p. :
Other physical details ill. ;
Dimensions 21 cm.
500 ## - GENERAL NOTE
General note Companion volume to The timeless way of building and The Oregon experiment.
650 #0 - SUBJECT ADDED ENTRY--TOPICAL TERM
Topical term or geographic name entry element Symbolism in architecture.
9 (RLIN) 2740
650 #0 - SUBJECT ADDED ENTRY--TOPICAL TERM
Topical term or geographic name entry element Buildings
General subdivision Contracts and specifications.
9 (RLIN) 2741
650 #0 - SUBJECT ADDED ENTRY--TOPICAL TERM
Topical term or geographic name entry element City attorneys
9 (RLIN) 2742
700 1# - ADDED ENTRY--PERSONAL NAME
Personal name Ishikawa, Sara,
9 (RLIN) 2743
700 1# - ADDED ENTRY--PERSONAL NAME
Personal name Silverstein, Murray,
9 (RLIN) 2744
856 42 - ELECTRONIC LOCATION AND ACCESS
Materials specified Publisher description
Uniform Resource Identifier <a href="http://www.loc.gov/catdir/enhancements/fy0603/74022874-d.html">http://www.loc.gov/catdir/enhancements/fy0603/74022874-d.html</a>
942 ## - ADDED ENTRY ELEMENTS (KOHA)
Institution code [OBSOLETE] SADA
Koha item type Book
Call number prefix 720.1 ALE 1977
Source of classification or shelving scheme
Holdings
Withdrawn status Lost status Source of classification or shelving scheme Damaged status Not for loan Permanent Location Current Location Date acquired Total Checkouts Total Renewals Full call number Barcode Date last seen Date last checked out Cost, replacement price Price effective from Koha item type
          School of Art Design and Architecture (SADA) School of Art Design and Architecture (SADA) 04/12/2011 7 6 720.1 ALE 1977 SADA0000813 12/12/2024 11/21/2024 4621.00 08/05/2011 Book
© 2023 Central Library, National University of Sciences and Technology. All Rights Reserved.